[Event "DEM U18w Oberhof"]
[Site "?"]
[Date "2013.05.21"]
[Round "4.3"]
[White "Tran, My Linh"]
[Black "Steimbach, Isabel"]
[Result "0-1"]
[WhiteElo "2085"]
[BlackElo "1753"]
[PlyCount "154"]
[EventDate "2013.??.??"]

1. e4 e5 2. Bc4 d6 3. d3 Nf6 4. Nc3 Be7 5. f4 exf4 6. Bxf4 Be6 7. Bxe6 fxe6 8.
e5 dxe5 9. Bxe5 Nbd7 10. Bg3 Nf8 11. Qe2 Bd6 12. Be5 Qe7 13. O-O-O Ng6 14. Nf3
Ng4 15. Bxd6 cxd6 16. h3 Nf6 17. d4 O-O 18. Rhe1 Rfe8 19. g3 Nf8 20. Rd3 Qd7
21. Re3 Re7 22. Ng5 Rae8 23. Qg2 b6 24. Nge4 Nxe4 25. Nxe4 d5 26. Ng5 Qa4 27.
Qd2 Qxa2 28. Ra3 Qc4 29. Rc3 Qa4 30. Ra3 Qd7 31. Nf3 Qd6 32. Ne5 Rc7 33. Rf3
Rec8 34. c3 b5 35. Qf2 b4 36. Ree3 bxc3 37. Rxc3 Qb4 38. Kd1 Rxc3 39. Rxc3 Rxc3
40. bxc3 Qb1+ 41. Ke2 Qc2+ 42. Kf1 Qxf2+ 43. Kxf2 Ng6 44. Nc6 a6 45. Ke2 Kf7
46. Nb4 a5 47. Nc6 a4 48. Kd3 e5 49. c4 a3 50. Nb4 dxc4+ 51. Kxc4 exd4 52. Kxd4
Ne7 53. Kc3 Nf5 54. g4 Ng3 55. Kb3 Ne4 56. Nd3 Ng5 57. Nf4 g6 58. Kxa3 Kf6 59.
h4 Nf3 60. h5 g5 61. Nd3 Nh2 62. Nf2 Ke5 63. Kb4 Kf4 64. Kc4 Nxg4 65. Nh3+ Kf5
66. Kd4 Nf6 67. Ke3 Nxh5 68. Nxg5 Kxg5 69. Kf3 Kh4 70. Kg2 Kg4 71. Kh2 Nf4 72.
Kg1 Kg3 73. Kh1 Nd3 74. Kg1 h5 75. Kh1 h4 76. Kg1 h3 77. Kh1 Nf2+ 0-1

[Event "DEM U18w Oberhof"]
[Site "?"]
[Date "2013.05.21"]
[Round "4.4"]
[White "Zeller, Elisa"]
[Black "Schrader, Elanor"]
[Result "0-1"]
[WhiteElo "1896"]
[BlackElo "1738"]
[PlyCount "98"]
[EventDate "2013.??.??"]

1. e4 c5 2. d3 Nc6 3. f4 g6 4. Nf3 Bg7 5. g3 e6 6. Bg2 Nge7 7. O-O O-O 8. Nc3
d6 9. Ne2 f5 10. c3 Qb6 11. Kh1 Bd7 12. Qc2 Rac8 13. Be3 Rfd8 14. Rac1 e5 15.
fxe5 Nxe5 16. Nxe5 dxe5 17. b4 Qa6 18. Bxc5 Ba4 19. Qb2 Nc6 20. exf5 gxf5 21.
Rxf5 Qxd3 22. Rcf1 Bb5 23. Nc1 Qd7 24. Qb3+ Kh8 25. Rf7 Qg4 26. Re1 Bc4 27.
Rxg7 Kxg7 28. Bh3 Qf3+ 29. Bg2 Qxg2+ 30. Kxg2 Rd2+ 31. Re2 Rxe2+ 32. Nxe2 Bxb3
33. axb3 a6 34. Kf3 Kf6 35. Ke4 Rd8 36. c4 Rd2 37. Nc3 Rxh2 38. Nd5+ Ke6 39.
Nc7+ Kd7 40. Nd5 Rh3 41. b5 axb5 42. cxb5 Na5 43. Kxe5 Nxb3 44. Bf2 Rh5+ 45.
Ke4 Nd2+ 46. Kd4 Nf3+ 47. Ke4 Re5+ 48. Kxf3 Rxd5 49. b6 Rf5+ 0-1

[Event "DEM U18w Oberhof"]
[Site "?"]
[Date "2013.05.21"]
[Round "4.5"]
[White "Kuehnel, Lena"]
[Black "Puffay, Jana"]
[Result "1-0"]
[WhiteElo "1933"]
[BlackElo "1498"]
[PlyCount "69"]
[EventDate "2013.??.??"]

1. e4 e5 2. Nf3 Nc6 3. Bc4 Nf6 4. d4 d6 5. Ng5 d5 6. dxe5 Nxe5 7. Bxd5 Nxd5 8.
exd5 h6 9. Ne4 Bf5 10. Ng3 Bh7 11. O-O Bd6 12. Re1 O-O 13. Nc3 Re8 14. Nce4 Bf8
15. b3 f5 16. Nc3 Bb4 17. Bb2 f4 18. Nge4 Qh4 19. f3 Bxe4 20. Rxe4 Bc5+ 21. Kh1
Bf2 22. Qe2 Bg3 23. h3 Qh5 24. Nb5 Nd7 25. Nxc7 Rxe4 26. Qxe4 Rf8 27. Ne6 Nf6
28. Qe5 Qxe5 29. Bxe5 Rf7 30. c4 Nd7 31. Bc3 Bh4 32. Rd1 Bf6 33. Bxf6 Rxf6 34.
h4 Kf7 35. Rd4 1-0

[Event "DEM U18w Oberhof"]
[Site "?"]
[Date "2013.05.21"]
[Round "4.6"]
[White "Berger, Nadja"]
[Black "Stolcz, Bianca"]
[Result "1-0"]
[WhiteElo "1789"]
[BlackElo "1697"]
[PlyCount "63"]
[EventDate "2013.??.??"]

1. e4 c5 2. Nc3 g6 3. f4 Bg7 4. Nf3 a6 5. Bc4 e6 6. a4 Ne7 7. d3 O-O 8. O-O d5
9. Bb3 Qb6 10. Kh1 d4 11. Ne2 Nbc6 12. Qe1 Na5 13. Ba2 Bd7 14. Bd2 Nec6 15. Qc1
Rac8 16. Ng3 Ne7 17. Ne5 Rc7 18. Nxd7 Rxd7 19. f5 exf5 20. exf5 Nd5 21. Bh6 Ne3
22. Bxe3 dxe3 23. Qxe3 Qxb2 24. Qxc5 b6 25. Qf2 Bd4 26. Qd2 Bc3 27. Qg5 Bf6 28.
Qg4 Qd4 29. Ne4 h5 30. Qxg6+ Bg7 31. f6 Qxf6 32. Nxf6+ 1-0

[Event "DEM U18w Oberhof"]
[Site "?"]
[Date "2013.05.21"]
[Round "4.7"]
[White "Schaetz, Bianca"]
[Black "Liez, Franziska"]
[Result "0-1"]
[WhiteElo "1846"]
[BlackElo "1844"]
[PlyCount "112"]
[EventDate "2013.??.??"]

1. e4 e5 2. Nf3 Nc6 3. d4 exd4 4. Nxd4 Bc5 5. Be3 Bb6 6. Nf5 Qf6 7. Nc3 Nge7 8.
Bxb6 axb6 9. Ne3 O-O 10. g3 d6 11. Bg2 Be6 12. O-O Qg6 13. Ncd5 Bxd5 14. exd5
Ne5 15. f4 Nd7 16. Qf3 Nf5 17. Nxf5 Qxf5 18. c3 Nf6 19. a3 Rfe8 20. h3 Qe4 21.
Qf2 Qc4 22. Rfe1 Nxd5 23. Rxe8+ Rxe8 24. Re1 Rxe1+ 25. Qxe1 Kf8 26. Qb1 g6 27.
f5 c6 28. fxg6 hxg6 29. Qc1 Kg7 30. h4 Qc5+ 31. Kh1 Nf6 32. Qd2 Qe5 33. Qf2 b5
34. Kg1 Ng4 35. Qd4 Qxd4+ 36. cxd4 Ne3 37. Bh3 f5 38. Kf2 Nd1+ 39. Kf3 Nxb2 40.
g4 fxg4+ 41. Bxg4 Nc4 42. Bc8 Na5 43. Kg4 Kf6 44. h5 gxh5+ 45. Kxh5 Nb3 46.
Bxb7 Nxd4 47. Kg4 Ke5 48. Kg3 c5 49. Ba6 d5 50. Kf2 c4 51. Ke3 Nf5+ 52. Kd2 Nd6
53. Bxb5 Nxb5 54. a4 Nd4 55. Kc3 Nb3 56. Kb4 Kd4 0-1

[Event "DEM U18w Oberhof"]
[Site "?"]
[Date "2013.05.21"]
[Round "4.8"]
[White "Kostre, Margarita"]
[Black "Winterholler, Christina"]
[Result "1/2-1/2"]
[WhiteElo "1723"]
[BlackElo "1891"]
[PlyCount "102"]
[EventDate "2013.??.??"]

1. e4 Nc6 2. Nf3 d6 3. d4 Nf6 4. Nc3 Bg4 5. Be3 e6 6. Be2 Be7 7. h3 Bh5 8. O-O
d5 9. e5 Nd7 10. Nh2 Bg6 11. f4 Nb4 12. Rc1 c5 13. g4 f5 14. Nf3 h6 15. a3 Nc6
16. Kh2 a6 17. Rg1 Rg8 18. gxf5 Bxf5 19. Bd3 cxd4 20. Bxf5 exf5 21. Nxd4 Nxd4
22. Bxd4 Nf8 23. Qh5+ g6 24. Qf3 Ne6 25. Bf2 d4 26. Nd5 Kf7 27. Rgd1 g5 28.
fxg5 Nxg5 29. Qxf5+ Kg7 30. Nf6 Rf8 31. Bxd4 Qc7 32. Qf4 Qc6 33. Rg1 Kh8 34.
Rcf1 Qxc2+ 35. Rg2 Qd3 36. h4 Rad8 37. Bc3 Nf7 38. Ne4 Ng5 39. e6+ Kh7 40.
Nxg5+ hxg5 41. Qc7 Qd6+ 42. Be5 Qxc7 43. Bxc7 Rxf1 44. Bxd8 Bxd8 45. Rd2 Bf6
46. hxg5 Bxg5 47. Rd7+ Kg6 48. Rxb7 Re1 49. Rb6 a5 50. b4 axb4 51. axb4 Kf6
1/2-1/2

[Event "DEM U18w Oberhof"]
[Site "?"]
[Date "2013.05.21"]
[Round "4.9"]
[White "Tettmann, Ann-Kathrin"]
[Black "Schaefer, Ann-Kathrin"]
[Result "0-1"]
[WhiteElo "1871"]
[BlackElo "1698"]
[PlyCount "100"]
[EventDate "2013.??.??"]

1. d4 d5 2. c4 e6 3. Nc3 c5 4. dxc5 d4 5. Ne4 Bxc5 6. Nf3 Nc6 7. Bd2 Be7 8. Qb3
Nf6 9. Nxf6+ Bxf6 10. Rd1 e5 11. e4 O-O 12. Be2 b6 13. O-O Qe7 14. Rfe1 Bb7 15.
Bd3 Rfd8 16. h3 Rac8 17. Nh2 Bg5 18. Bxg5 Qxg5 19. Nf3 Qe7 20. Qb5 Re8 21. a3
Na5 22. b4 Nc6 23. Rb1 Nb8 24. Qa4 Bc6 25. b5 Ba8 26. Qb4 Nd7 27. Nd2 Nc5 28.
Bf1 Qh4 29. g3 Qf6 30. f3 Qg5 31. Kg2 Re6 32. h4 Qd8 33. Nb3 Rg6 34. Kf2 Nxe4+
35. fxe4 Qf6+ 36. Kg1 Qxh4 37. Bg2 Qxg3 38. Rb2 Rxc4 39. Qxc4 Qxe1+ 40. Kh2
Qh4+ 41. Kg1 Qd8 42. Rc2 Bxe4 43. Qc8 Rxg2+ 44. Kf1 Qf8 45. Qxf8+ Kxf8 46. Rxg2
Bxg2+ 47. Kxg2 Ke7 48. Kf3 f5 49. Nd2 Ke6 50. a4 Kd5 0-1

[Event "DEM U18w Oberhof"]
[Site "?"]
[Date "2013.05.21"]
[Round "4.10"]
[White "Wulf, Constanze"]
[Black "Halas, Julia"]
[Result "1/2-1/2"]
[WhiteElo "1675"]
[BlackElo "1576"]
[PlyCount "77"]
[EventDate "2013.??.??"]

1. d4 d5 2. c4 e6 3. Nc3 Nf6 4. cxd5 exd5 5. Bg5 Nbd7 6. e3 Be7 7. Bd3 O-O 8.
Nge2 Re8 9. O-O c6 10. Qc2 Nf8 11. Rfe1 Bg4 12. f3 Bh5 13. Nf4 Bg6 14. Nxg6
Nxg6 15. Qf2 Nh5 16. Bxe7 Rxe7 17. Rad1 Qc7 18. e4 dxe4 19. fxe4 Nhf4 20. Bb1
Qa5 21. Re3 Rd8 22. Ne2 Qh5 23. Rf1 Nxe2+ 24. Rxe2 Qh4 25. Qe3 Rd5 26. g3 Qg5
27. Qxg5 Rxg5 28. a3 Rd7 29. Ba2 h5 30. Ref2 Nh8 31. Rd1 h4 32. Kg2 hxg3 33.
hxg3 Rg4 34. Kf3 Rg6 35. e5 Re7 36. Rh2 Rh6 37. Rxh6 gxh6 38. Rh1 Kg7 39. g4
1/2-1/2

[Event "DEM U18w Oberhof"]
[Site "?"]
[Date "2013.05.21"]
[Round "4.11"]
[White "Lehmann, Patricia"]
[Black "Spieker, Christine"]
[Result "1/2-1/2"]
[WhiteElo "1637"]
[BlackElo "1689"]
[PlyCount "131"]
[EventDate "2013.??.??"]

1. d4 Nf6 2. Nf3 g6 3. c4 Bg7 4. Nc3 d5 5. Qb3 e6 6. Bg5 c6 7. cxd5 exd5 8. e3
O-O 9. Bd3 Qc7 10. O-O Be6 11. Bf4 Qc8 12. Ng5 Re8 13. Nxe6 Rxe6 14. Rac1 Nbd7
15. e4 Nb6 16. f3 Qd7 17. e5 Ne8 18. Be3 Nc7 19. f4 f5 20. g4 Rf8 21. Ne2 Bh6
22. Qc2 fxg4 23. b3 Nc8 24. Kh1 Ne7 25. Ng3 Bg7 26. f5 gxf5 27. Nxf5 Ng6 28.
Nxg7 Qxg7 29. Rxf8+ Nxf8 30. Rf1 Re7 31. Qd2 Rf7 32. Rxf7 Qxf7 33. Qf2 Nce6 34.
Bf5 Qh5 35. Bxe6+ Nxe6 36. Qf6 Qf7 37. Qxf7+ Kxf7 38. Kg2 Kg6 39. Kg3 h5 40.
Kh4 b6 41. b4 Ng7 42. Kg3 Nf5+ 43. Kf4 h4 44. Bf2 g3 45. hxg3 hxg3 46. Bg1 Ng7
47. Kxg3 Kf5 48. Kf3 Ne6 49. Be3 a6 50. Bf2 c5 51. dxc5 bxc5 52. Bxc5 Kxe5 53.
Be3 d4 54. Bd2 Kd5 55. a4 Kc4 56. b5 axb5 57. axb5 Kxb5 58. Bh6 Kc4 59. Ke4 d3
60. Ke5 Nc5 61. Kf5 Kd4 62. Bd2 Nb3 63. Bh6 Kc3 64. Ke4 Kc2 65. Kf3 Kd1 66. Kf2
1/2-1/2

[Event "DEM U18w Oberhof"]
[Site "?"]
[Date "2013.05.21"]
[Round "4.12"]
[White "Tran, Kim Thuy-Vy"]
[Black "Tobianski, Karina"]
[Result "0-1"]
[WhiteElo "763"]
[BlackElo "1498"]
[PlyCount "158"]
[EventDate "2013.??.??"]

1. e4 d5 2. exd5 Nf6 3. Bb5+ Nbd7 4. c4 a6 5. Ba4 b5 6. cxb5 Nxd5 7. Nf3 N5b6
8. O-O e6 9. d4 Nxa4 10. Qxa4 Nb6 11. Qb3 Be7 12. Be3 O-O 13. Nc3 axb5 14. Nxb5
Ba6 15. Rfd1 Qd7 16. Nc3 Rfb8 17. Qc2 f6 18. Bf4 Nc4 19. b3 Na3 20. Qb2 Nc4 21.
Qc1 Ba3 22. Qc2 Nd6 23. d5 e5 24. Bc1 Bb4 25. Ne4 Qf5 26. a3 Qxe4 27. Qxe4 Nxe4
28. axb4 Rxb4 29. Rb1 Rbb8 30. Re1 Nc3 31. Rb2 Nxd5 32. h3 Bc8 33. Bd2 Ra3 34.
Reb1 Bf5 35. Rc1 Raxb3 36. Ra2 Rb1 37. Ra5 Rxc1+ 38. Bxc1 c6 39. Ba3 Bd3 40.
Bd6 Rd8 41. Bc5 Bb5 42. Nd2 Nc7 43. Bb6 Rc8 44. Ne4 Nd5 45. Nd6 Rb8 46. Bc5 h6
47. Ba7 Ra8 48. Nxb5 cxb5 49. Rxb5 Rxa7 50. Rxd5 Kf7 51. Rd2 Ke6 52. Kh2 Rd7
53. Re2 g5 54. g3 Kf5 55. Kg2 h5 56. f3 Rd4 57. g4+ hxg4 58. hxg4+ Kg6 59. Kg3
Rd5 60. Kh3 Rd6 61. Rf2 f5 62. Re2 Re6 63. Re3 f4 64. Re4 Kf6 65. Ra4 e4 66.
Kg2 e3 67. Ra1 Rd6 68. Kf1 Ke5 69. Ke2 Rd5 70. Rd1 Rxd1 71. Kxd1 Kd4 72. Ke2
Kc3 73. Kd1 Kd3 74. Ke1 e2 75. Kf2 Kd2 76. Kg1 e1=Q+ 77. Kg2 Ke2 78. Kh2 Kf1
79. Kh1 Qh4# 0-1

[Event "DEM U18w Oberhof"]
[Site "?"]
[Date "2013.05.21"]
[Round "5.1"]
[White "Steimbach, Isabel"]
[Black "Duessler, Stefanie"]
[Result "0-1"]
[WhiteElo "1753"]
[BlackElo "2019"]
[PlyCount "174"]
[EventDate "2013.??.??"]

1. e4 c5 2. c3 Nf6 3. e5 Nd5 4. Bc4 e6 5. Nf3 d6 6. exd6 Bxd6 7. O-O O-O 8. d4
cxd4 9. cxd4 Nc6 10. Nc3 Nce7 11. Re1 Bd7 12. Qb3 Nb6 13. Bd3 h6 14. Ne5 Rc8
15. Nxd7 Qxd7 16. Be3 Rfd8 17. Rac1 Ned5 18. Bb1 Bf8 19. Qd1 g6 20. Qg4 Bg7 21.
Qh4 Qe7 22. Qh3 Kh7 23. Ne4 Nc4 24. b3 Nd6 25. Ng5+ Kg8 26. Nf3 Rxc1 27. Rxc1
Nxe3 28. fxe3 Nf5 29. Re1 h5 30. g3 Nd6 31. Qg2 Nb5 32. Rc1 e5 33. dxe5 Bxe5
34. Nxe5 Qxe5 35. Qf3 Re8 36. Re1 b6 37. Bd3 Nd6 38. Kf2 Re6 39. Qa8+ Kg7 40.
Qxa7 Rf6+ 41. Kg1 Qd5 42. Qa6 b5 43. Bf1 Qf3 44. Qa5 Ne4 45. Bg2 Qf2+ 46. Kh1
Nd2 47. Rg1 Qxe3 48. Qxb5 Ne4 49. Bxe4 Qxe4+ 50. Rg2 Rf2 51. Qe5+ Qxe5 52. Rxf2
f5 53. Kg2 Kf6 54. h4 Qe4+ 55. Kh2 Ke5 56. Kg1 Qe3 57. Kg2 Kd5 58. Rf4 Qe2+ 59.
Rf2 Qe4+ 60. Kg1 Kc5 61. Kh2 Qe3 62. Kg2 Kb4 63. Rf4+ Ka3 64. Rf2 g5 65. hxg5
h4 66. gxh4 Qe4+ 67. Rf3 Qg4+ 68. Rg3 Qxh4 69. g6 f4 70. Rf3 Kxa2 71. g7 Qg5+
72. Kf2 Qxg7 73. Rxf4 Kxb3 74. Ke3 Kc3 75. Ke4 Qe7+ 76. Kf5 Kd3 77. Kg4 Ke3 78.
Rf3+ Ke2 79. Rf4 Qe6+ 80. Kg5 Ke3 81. Rf6 Qe5+ 82. Rf5 Qg7+ 83. Kh5 Ke4 84. Rg5
Qh7+ 85. Kg4 Qh6 86. Rh5 Qf4+ 87. Kh3 Kf3 0-1

[Event "DEM U18w Oberhof"]
[Site "?"]
[Date "2013.05.21"]
[Round "5.2"]
[White "Kuckling, Hannah"]
[Black "Schmalhorst, Sophia"]
[Result "1-0"]
[WhiteElo "1909"]
[BlackElo "1925"]
[PlyCount "111"]
[EventDate "2013.??.??"]

1. e4 e5 2. Nf3 Nc6 3. Bb5 a6 4. Ba4 Nf6 5. O-O b5 6. Bb3 Be7 7. Re1 O-O 8. h3
d6 9. c3 Nb8 10. d4 Nbd7 11. Nbd2 Bb7 12. Bc2 Re8 13. Nf1 Bf8 14. Ng3 g6 15.
Bb3 Bg7 16. Bd2 c5 17. Ng5 Re7 18. d5 c4 19. Bc2 Nc5 20. Be3 Qc7 21. Qd2 Ree8
22. Nf3 Bc8 23. Nh2 Bb7 24. Ng4 Rac8 25. Nxf6+ Bxf6 26. Nf1 Bg7 27. Nh2 Rf8 28.
Ng4 f5 29. exf5 gxf5 30. Nh6+ Bxh6 31. Bxh6 Rf6 32. Bg5 Rf7 33. Rad1 Kh8 34.
Qe2 Rg8 35. Qh5 e4 36. Be3 Rg6 37. f3 Nd3 38. Bxd3 exd3 39. Bd4+ Kg8 40. Re8+
Rf8 41. Rde1 d2 42. Rxf8+ Kxf8 43. Qxf5+ Qf7 44. Qxf7+ Kxf7 45. Rd1 Bxd5 46.
Rxd2 Be6 47. Kf2 Rg8 48. g4 h5 49. Kg3 d5 50. Re2 a5 51. a3 hxg4 52. hxg4 Rb8
53. Rh2 b4 54. Rh7+ Kg6 55. Rg7+ Kh6 56. Kh4 1-0

[Event "DEM U18w Oberhof"]
[Site "?"]
[Date "2013.05.21"]
[Round "5.3"]
[White "Schrader, Elanor"]
[Black "Spiegelberg, Silvia"]
[Result "0-1"]
[WhiteElo "1738"]
[BlackElo "1926"]
[PlyCount "116"]
[EventDate "2013.??.??"]

1. e4 e5 2. Nf3 Nc6 3. Bb5 a6 4. Ba4 Nf6 5. O-O Be7 6. Re1 b5 7. Bb3 O-O 8. c3
d5 9. exd5 Nxd5 10. d4 exd4 11. Nxd4 Nxd4 12. Qxd4 Nf6 13. Qxd8 Bxd8 14. Bf4
Bb7 15. Nd2 Nd5 16. Bg3 a5 17. a4 b4 18. Ne4 bxc3 19. bxc3 Bc6 20. Rad1 Nf6 21.
Nc5 Kh8 22. h3 Rb8 23. Bc4 h6 24. Na6 Rb6 25. Nxc7 Bxa4 26. Ra1 Bd7 27. Rxa5
Rc6 28. Bb5 Bxc7 29. Bxc7 Rxc7 30. Re7 Rxc3 31. Rxd7 Nxd7 32. Bxd7 Rd8 33. Bf5
g6 34. Be4 Rd4 35. f3 Rd2 36. Ra8+ Kg7 37. Ra7 Re3 38. Bc6 Ree2 39. f4 Rd4 40.
Bf3 Rb2 41. Kh2 Rxf4 42. Bd5 Rd2 43. Bc6 g5 44. Be8 Rc2 45. Ra6 Rff2 46. Bc6
Rf6 47. Bb7 Rxa6 48. Bxa6 Kf6 49. Bb7 Ke5 50. Kg3 f5 51. Bf3 Rc3 52. Kf2 Kf4
53. Bd1 Ra3 54. Bf3 Ra2+ 55. Be2 Ke4 56. g3 f4 57. gxf4 Kxf4 58. Kf1 Rxe2 0-1

[Event "DEM U18w Oberhof"]
[Site "?"]
[Date "2013.05.21"]
[Round "5.4"]
[White "Liez, Franziska"]
[Black "Kuehnel, Lena"]
[Result "0-1"]
[WhiteElo "1844"]
[BlackElo "1933"]
[PlyCount "80"]
[EventDate "2013.??.??"]

1. e4 c5 2. Nc3 e6 3. Nf3 a6 4. g3 d5 5. exd5 exd5 6. Bg2 d4 7. Ne2 Nf6 8. d3
Nc6 9. O-O Be7 10. Re1 O-O 11. Nf4 Bd7 12. c3 Rc8 13. cxd4 cxd4 14. a3 h6 15.
Bd2 Qb6 16. b4 Bd6 17. Qb3 Rfd8 18. Rab1 Bf5 19. Ne2 Bf8 20. Bf4 Qb5 21. Red1
g5 22. Bc1 Bg7 23. h4 g4 24. Ne1 Ne7 25. Nc2 Ne8 26. Nf4 Rc3 27. Qa2 Bxd3 28.
Nxd3 Rxd3 29. Rxd3 Qxd3 30. Bxb7 Nd6 31. Ne1 Qb5 32. Bg2 d3 33. Bf1 Ne4 34. Bd2
Qf5 35. Bf4 Nc3 36. Qb3 d2 37. Bxd2 Rxd2 38. Nd3 Nxb1 39. Qxb1 Nd5 40. Qb3 Bd4
0-1

[Event "DEM U18w Oberhof"]
[Site "?"]
[Date "2013.05.21"]
[Round "5.5"]
[White "Schaefer, Ann-Kathrin"]
[Black "Berger, Nadja"]
[Result "1/2-1/2"]
[WhiteElo "1698"]
[BlackElo "1789"]
[PlyCount "132"]
[EventDate "2013.??.??"]

1. c4 d6 2. g3 g6 3. Bg2 Bg7 4. Nc3 e5 5. d3 Ne7 6. Nf3 O-O 7. O-O Nbc6 8. Rb1
f5 9. e3 Bd7 10. Bd2 Qc8 11. b4 Nd8 12. a4 Nf7 13. b5 Be6 14. Qe2 Rb8 15. a5
Kh8 16. h4 c6 17. Rfc1 Qd8 18. Rc2 cxb5 19. Nxb5 a6 20. Na3 Nc6 21. Qe1 d5 22.
cxd5 Bxd5 23. Rc5 Bxf3 24. Bxf3 Qxd3 25. Nc4 e4 26. Be2 Qd7 27. Nb6 Qe7 28. Rc2
Nfe5 29. Qc1 Rfd8 30. Na4 Qd6 31. Nc5 Qe7 32. Rcb2 Kg8 33. Rxb7 Rxb7 34. Nxb7
Rd7 35. Bxa6 Nf3+ 36. Kg2 Nxd2 37. Rb2 Bxb2 38. Qxb2 Qg7 39. Qc2 Rxb7 40. Bxb7
Qxb7 41. Qxd2 Nb8 42. Qa2+ Kf8 43. Qa1 Qg7 44. Qa3+ Ke8 45. Qd6 Qb7 46. Qe6+
Kf8 47. Qf6+ Kg8 48. Qe6+ Kg7 49. Qe5+ Kf7 50. Qh8 Ke6 51. Qg8+ Kd6 52. Qf8+
Kc6 53. Qf6+ Kb5 54. Qb2+ Ka6 55. Qf6+ Kxa5 56. Qa1+ Kb6 57. Qd4+ Kc6 58. Qf6+
Kc7 59. Qe5+ Kb6 60. Qd4+ Kb5 61. Qb2+ Kc6 62. Qf6+ Kd5 63. Qd8+ Ke6 64. Qe8+
Kd6 65. Qf8+ Kc7 66. Qg7+ Kb6 1/2-1/2

[Event "DEM U18w Oberhof"]
[Site "?"]
[Date "2013.05.21"]
[Round "5.6"]
[White "Winterholler, Christina"]
[Black "Tran, My Linh"]
[Result "1/2-1/2"]
[WhiteElo "1891"]
[BlackElo "2085"]
[PlyCount "43"]
[EventDate "2013.??.??"]

1. e4 e5 2. Bc4 Nf6 3. d4 Nc6 4. Nf3 exd4 5. e5 d5 6. Bb5 Ne4 7. Nxd4 Bd7 8.
Bxc6 bxc6 9. O-O Bc5 10. Be3 Bb6 11. f3 Ng5 12. f4 Ne4 13. Nd2 Nxd2 14. Qxd2 c5
15. Nb3 d4 16. Bf2 Bc6 17. Rad1 Qd5 18. Bh4 O-O 19. Kh1 a5 20. Rf3 Rfe8 21. Rg3
Kh8 22. Nc1 1/2-1/2

[Event "DEM U18w Oberhof"]
[Site "?"]
[Date "2013.05.21"]
[Round "5.7"]
[White "Kostre, Margarita"]
[Black "Zeller, Elisa"]
[Result "0-1"]
[WhiteElo "1723"]
[BlackElo "1896"]
[PlyCount "82"]
[EventDate "2013.??.??"]

1. e4 e6 2. d4 d5 3. Nc3 Bb4 4. e5 c5 5. a3 Bxc3+ 6. bxc3 Ne7 7. Qg4 O-O 8. Bd3
f5 9. Qh4 Nbc6 10. Nh3 Ng6 11. Qxd8 Nxd8 12. a4 c4 13. Be2 Bd7 14. O-O Nc6 15.
Ba3 Rfc8 16. f4 Nge7 17. Rab1 b6 18. Bd6 Re8 19. Ng5 Nd8 20. Ra1 Nc8 21. Bc7
Nb7 22. a5 Nxa5 23. g4 h6 24. Nh3 g6 25. Kh1 Kh7 26. Rg1 Ne7 27. Nf2 Nac6 28.
Rg2 Rg8 29. Rag1 b5 30. Rb1 a6 31. Rgg1 Ra7 32. Bd6 Rb7 33. Rb2 Ra8 34. Ra1 Nc8
35. gxf5 gxf5 36. Bf8 Nb6 37. Bxh6 Kxh6 38. Rg1 Rbb8 39. Nh3 Na4 40. Rbb1 Nxc3
41. Rbe1 Nxd4 0-1

[Event "DEM U18w Oberhof"]
[Site "?"]
[Date "2013.05.21"]
[Round "5.8"]
[White "Halas, Julia"]
[Black "Schaetz, Bianca"]
[Result "1/2-1/2"]
[WhiteElo "1576"]
[BlackElo "1846"]
[PlyCount "97"]
[EventDate "2013.??.??"]

1. d4 d5 2. c4 c6 3. Nc3 Nf6 4. Bg5 Nbd7 5. e3 e6 6. Qc2 Be7 7. cxd5 Nxd5 8.
Bxe7 Qxe7 9. Nxd5 exd5 10. Bd3 Nf6 11. Nf3 O-O 12. O-O Bd7 13. Rab1 a5 14. Ne5
h6 15. a3 a4 16. Rfc1 Rfc8 17. Qc5 Qxc5 18. Rxc5 Be6 19. Rcc1 Nd7 20. Nxd7 Bxd7
21. b3 axb3 22. Rxb3 b5 23. Rbc3 f5 24. Be2 Ra5 25. Rb3 Rca8 26. Ra1 Ra4 27.
Bd1 b4 28. Rab1 bxa3 29. Rb8+ Rxb8 30. Rxb8+ Kh7 31. Rb1 a2 32. Ra1 Rb4 33.
Rxa2 Rb1 34. Rd2 c5 35. Kf1 Ba4 36. Ke2 Bxd1+ 37. Rxd1 Rxd1 38. Kxd1 c4 39. Kd2
Kg6 40. Kc3 Kf6 41. f3 h5 42. e4 fxe4 43. fxe4 dxe4 44. Kxc4 g5 45. d5 Ke5 46.
d6 Kxd6 47. Kd4 e3 48. Kxe3 Ke5 49. h3 1/2-1/2

[Event "DEM U18w Oberhof"]
[Site "?"]
[Date "2013.05.21"]
[Round "5.9"]
[White "Stolcz, Bianca"]
[Black "Wulf, Constanze"]
[Result "1-0"]
[WhiteElo "1697"]
[BlackElo "1675"]
[PlyCount "109"]
[EventDate "2013.??.??"]

1. e4 c6 2. d4 d5 3. Nc3 dxe4 4. Nxe4 Bf5 5. Ng3 Bg6 6. Nf3 Nd7 7. Bd3 Ngf6 8.
a3 e6 9. Bxg6 hxg6 10. c4 Bd6 11. Ne2 Qe7 12. Bf4 O-O-O 13. Bxd6 Qxd6 14. O-O
Ng4 15. h3 Ngf6 16. Ng3 Nh5 17. c5 Qc7 18. Ne4 Ndf6 19. Nd6+ Kb8 20. Ne5 Rhf8
21. b4 Ne8 22. Nec4 Nxd6 23. Nxd6 Nf6 24. b5 Ne8 25. Nxe8 Rfxe8 26. Rb1 cxb5
27. Rxb5 Rd5 28. Qa4 Red8 29. Rfb1 Rxd4 30. Rxb7+ Qxb7 31. Rxb7+ Kxb7 32. Qb5+
Kc7 33. c6 Rd1+ 34. Kh2 Rb8 35. Qe5+ Rd6 36. Qxg7 Kxc6 37. Qxf7 e5 38. Qxa7 Rb2
39. Qe3 Kd5 40. Qd3+ Ke6 41. Qxg6+ Ke7 42. Qe4 Ke6 43. f4 Rb5 44. h4 Ra5 45.
fxe5 Rxe5 46. Qg4+ Kf7 47. a4 Rdd5 48. Qc4 Kg6 49. Kh3 Kh6 50. g4 Kg6 51. h5+
Kh6 52. Qc6+ Kg7 53. Qg6+ Kf8 54. h6 Rg5 55. Qf6+ 1-0

[Event "DEM U18w Oberhof"]
[Site "?"]
[Date "2013.05.21"]
[Round "5.11"]
[White "Tobianski, Karina"]
[Black "Tettmann, Ann-Kathrin"]
[Result "0-1"]
[WhiteElo "1498"]
[BlackElo "1871"]
[PlyCount "102"]
[EventDate "2013.??.??"]

1. e4 c5 2. c3 Qa5 3. Nf3 e6 4. Be2 Nc6 5. O-O Nf6 6. e5 Nd5 7. d4 d6 8. Re1
cxd4 9. cxd4 dxe5 10. dxe5 Bc5 11. Nbd2 Nf4 12. Nb3 Nxe2+ 13. Qxe2 Qb6 14. Nxc5
Qxc5 15. Bd2 O-O 16. Rac1 Qe7 17. a3 Rd8 18. Qe4 h6 19. Rc2 Bd7 20. Rec1 Be8
21. b4 a6 22. Be3 Qd7 23. Rd2 Qc7 24. a4 Rxd2 25. Bxd2 b5 26. a5 Rd8 27. h3 Qd7
28. Be3 Qd5 29. Qg4 Kh7 30. Rc5 Qd1+ 31. Kh2 Qb1 32. Nd2 Qxb4 33. Qxb4 Nxb4 34.
Nf3 Nc6 35. Bd2 g5 36. Rc2 Kg6 37. g4 Rd3 38. Rc3 Rd5 39. Re3 Kg7 40. Kg2 Ne7
41. Re1 Ng6 42. Kg3 Rd3 43. Re3 Rd5 44. Re1 Nh4 45. Re2 Ng6 46. Bc3 Bc6 47. Bb2
Rd3 48. Re3 Rd1 49. Nd4 Rg1+ 50. Kh2 Rg2+ 51. Kh1 Rxf2+ 0-1

[Event "DEM U18w Oberhof"]
[Site "?"]
[Date "2013.05.21"]
[Round "5.12"]
[White "Spieker, Christine"]
[Black "Tran, Kim Thuy-Vy"]
[Result "1-0"]
[WhiteElo "1689"]
[BlackElo "763"]
[PlyCount "93"]
[EventDate "2013.??.??"]

1. Nf3 d5 2. c4 c6 3. b3 Nf6 4. Bb2 Bf5 5. g3 e6 6. Bg2 h6 7. O-O Bd6 8. d3 O-O
9. Nbd2 Nbd7 10. Rc1 Nb6 11. Rc2 Qe7 12. Bxf6 Qxf6 13. c5 Bc7 14. cxb6 Bxb6 15.
Qa1 Qe7 16. e4 Bh7 17. Qc3 Rac8 18. Rcc1 Rcd8 19. b4 d4 20. Qb2 e5 21. Nc4 Bc7
22. a4 b6 23. Na3 Rd6 24. b5 c5 25. Nc4 Rf6 26. Qd2 Bg6 27. Ra1 a5 28. bxa6 Bh5
29. Ne1 Ra8 30. Nc2 Rxa6 31. Bh3 Qe8 32. Nb2 b5 33. axb5 Qxb5 34. Nc4 Rfc6 35.
Bd7 f6 36. Bxc6 Rxc6 37. Rfb1 Qxb1+ 38. Rxb1 Kh7 39. Na5 Ra6 40. Rb5 Bb6 41.
Nb7 Be8 42. Rxc5 Bxc5 43. Nxc5 Ra2 44. Qc1 Bg6 45. f4 Ra8 46. Qb2 Bf7 47. Qb7
1-0

[Event "DEM U18w Oberhof"]
[Site "?"]
[Date "2013.05.22"]
[Round "6.1"]
[White "Duessler, Stefanie"]
[Black "Kuckling, Hannah"]
[Result "1-0"]
[WhiteElo "2019"]
[BlackElo "1909"]
[PlyCount "143"]
[EventDate "2013.??.??"]

1. e4 c5 2. Nf3 e6 3. d4 cxd4 4. Nxd4 Nc6 5. Nc3 Qc7 6. g3 a6 7. Bg2 Nf6 8. O-O
Nxd4 9. Qxd4 Bc5 10. Qd3 d6 11. Be3 Bxe3 12. Qxe3 O-O 13. Rad1 e5 14. Rd2 Be6
15. h3 Rfd8 16. Rfd1 b5 17. a3 Rab8 18. f4 h6 19. Kh2 exf4 20. Qxf4 b4 21. Ne2
bxa3 22. bxa3 Bc4 23. Nd4 Nh5 24. Qh4 Nf6 25. Nf5 Ne8 26. e5 d5 27. Ne3 Rdc8
28. Bxd5 Bxd5 29. Nxd5 Qxe5 30. Ne7+ Kh7 31. Nxc8 Rxc8 32. c4 Nf6 33. Qd4 Qa5
34. Rc2 Qxa3 35. Qd3+ Qxd3 36. Rxd3 Rc5 37. Rd6 a5 38. Rb6 Nd7 39. Rb5 Rc8 40.
Rxa5 Nc5 41. Rb2 Nd3 42. Rb3 Nc5 43. Rc3 Ne4 44. Rc2 Nc5 45. Rb5 Rc7 46. Kg2
Kg6 47. Kf3 Kf6 48. Ke3 Ke6 49. Rd2 f5 50. Rd5 Ne4 51. Re5+ Kd7 52. Rxf5 Nd6
53. Rfd5 Rxc4 54. Rb6 Rc6 55. Rxc6 Kxc6 56. Kd4 Nf7 57. h4 Nd6 58. Ke5 Nc4+ 59.
Ke6 Ne3 60. Rd3 Ng4 61. Rc3+ Kb5 62. Kf7 g5 63. hxg5 hxg5 64. Kg6 Nf2 65. Rf3
Ne4 66. Rf5+ Kc6 67. Rxg5 Kd7 68. Rg4 Nf2 69. Rf4 Nh3 70. Re4 Nf2 71. Re2 Ng4
72. Kg5 1-0